Представление документа в формате RUSMARC

ПолеНазваниеЗначение
  Тип записи a
  Библиографический уровень m
001 Контрольный номер UONB/MAIN/79c46cdac5a543ba958758687bd3360e
005 Дата корректировки 20260513170557.9
100 Данные общей обработки __
a Данные общей обработки 20260513g1962 u u0rusy0189 ca
101 Язык документа 0_
a Язык текста rus
102 Страна публикации __
a Страна публикации RU
105 Кодированные данные (монография) __
a Кодированные данные (монография) y z 000yy
200 Заглавие и сведения об ответственности 1_
a Заглавие Производство крупных машин
e Сведения, относящиеся к заглавию сборник статей
f Первые сведения об ответственности Уралмашзавод, Научно-исследовательский институт тяжелого машиностроения
203 Вид содержания и тип средства __
a Вид содержания Текст
b Характеристика содержания визуальный
c Тип средства непосредственный
210 Выходные данные 1_
a Место издания Москва
c Издательство Машиностроение
d Дата издания 1962-1975
215 Физическое описание __
d Формат 22 см
712 Наименование организации (Вторичная ответственность) 02
a Организация/ юрисдикция Уралмашзавод
b Другие уровни Научно-исследовательский институт тяжелого машиностроения
4 Код отношения 570
801 Источник записи _0
a Страна RU
b Организация Ульяновская ОНБ
c Дата составления 20260513
g Правила каталогизации RCR
801 Источник записи _1
a Страна RU
b Организация Ульяновская ОНБ
c Дата составления 20260513
g Правила каталогизации RCR
901 Тип документа __
t Тип документа v
909 Создатель записи __
a Создатель записи Горбункова
b Дата создания записи 20260513